LEADER 00774nam0-22002891i-450- 001 990001714490403321 005 20070607162142.0 035 $a000171449 035 $aFED01000171449 035 $a(Aleph)000171449FED01 035 $a000171449 100 $a20030910d1933----km-y0itay50------ba 101 0 $aita 102 $aIT 200 1 $aBurrificazione dell'azienda$fRoberto Cavalli 210 $aTorino$cParavia$d1933 215 $aVIII, 57 p., [4] c. di tav.$cill.$d17 cm 610 0 $aBurro 676 $a637.2 700 1$aCavalli,$bRoberto$073167 801 0$aIT$bUNINA$gRICA$2UNIMARC 901 $aBK 912 $a990001714490403321 952 $a60 637.2 C 1$b14229$fFAGBC 959 $aFAGBC 996 $aBurrificazione dell'azienda$9358897 997 $aUNINA LEADER 00925cam0-2200325---450- 001 990004656520403321 005 20090724143151.0 010 $a0-520-09749-1 035 $a000465652 035 $aFED01000465652 035 $a(Aleph)000465652FED01 035 $a000465652 100 $a19990604d1989----km-y0itay50------ba 101 0 $aeng 102 $aUS 105 $ay---e---001yy 200 1 $aCocopa dictionary$fJames M. Crawford 210 $aBerkeley$cUniversity of California press$d1989 215 $aX, 534 p.$d26 cm 225 1 $aUniversity of California publications in linguistics$v114 610 0 $aLingua cocopa$aDizionari inglesi 676 $a497.5 700 1$aCrawford,$bJames M.$0185373 801 0$aIT$bUNINA$gRICA$2UNIMARC 901 $aBK 912 $a990004656520403321 952 $a497.5 CRA 1$bBibl.12025$fFLFBC 959 $aFLFBC 996 $aCocopa dictionary$9553707 997 $aUNINA